Tvoříme z kovu : soubor výtvarných a řemeslných technik /

Hlavní autor: Konvička, Jiří
Další autoři: Pilný, Martin, 1945-, Kobík, František, 1933-2006
Jazyk: Čeština
Vydáno: Praha : Mladá fronta, 1980
Vydání: 2. vyd.
Edice: Jak (Mladá fronta) ;
Externí odkaz: Digitalizovaný dokument
Fyzický popis: 206, [2] s. [8] s. fot. příl. ; příč. 8°
Knihy
Uloženo v:
LEADER 01756nam a22003851a 4500
001 000698387
003 CZ BrMZK
005 20240711104628.0
007 ta
008 031128s1980 xr a f cze d
015 |a cnb000157632 
035 |a (OCoLC)85272120 
040 |a ABA001  |b cze  |c ABA001  |d BOA001  |d ABA001 
080 |a 739(075)  |2 MRF 
100 1 |a Konvička, Jiří  |7 jk01061593  |4 aut 
245 1 0 |a Tvoříme z kovu :  |b soubor výtvarných a řemeslných technik /  |c Jiří Konvička ; il. František Kobík ; fot.: Martin Pilný 
250 |a 2. vyd. 
260 |a Praha :  |b Mladá fronta,  |c 1980 
300 |a 206, [2] s. [8] s. fot. příl. ;  |c příč. 8° 
490 1 |a Jak ;  |v sv. 55 
500 |a 40000 výt. 
500 |a Il. tit. dvoulist 
500 |a Vazba: Adolf Pražský 
700 1 |a Pilný, Martin,  |d 1945-  |7 jk01093101  |4 pht 
700 1 |a Kobík, František,  |d 1933-2006  |7 jn20000810324  |4 ill 
830 0 |a Jak (Mladá fronta) ;  |0 s 
856 4 1 |u http://www.digitalniknihovna.cz/mzk/uuid/uuid:34526660-533e-11e3-ae59-005056827e52  |y Digitalizovaný dokument  |x NDK 
910 |a BOA001  |b 2-0743.196-80  |b PK-A-0015.580-80  |b TK-0181.277-80 
920 |a 000073589 
990 |a BK 
996 6 |b 2619562300  |c 2-0743.196-80  |l Sklad H1  |r Sklad / do 24 hodin  |n 0  |h HS 212  |w 000698387  |u 000010  |a 1  |e BOA001  |j MZK50  |s P 
996 7 |b 3119962619  |c PK-A-0015.580-80  |l MZK  |r Sklad / do 1 hodiny  |n 11  |w 000698387  |u 000020  |a 1  |e BOA001  |j MZK50  |s A 
996 6 |b BC-2504078  |c TK-0181.277-80  |l MZK  |r Sklad / do 24 hodin  |n 0  |w 000698387  |u 000040  |a 1  |e BOA001  |j MZK50  |s P 
996 6 |b BC-2504079  |c TK-0181.277-80  |l MZK  |r Sklad / do 24 hodin  |n 0  |w 000698387  |u 000050  |a 1  |e BOA001  |j MZK50  |s P 
996 6 |b BC-2504080  |c TK-0181.277-80  |l MZK  |r Sklad / do 24 hodin  |n 0  |w 000698387  |u 000060  |a 1  |e BOA001  |j MZK50  |s P